| 000 | 00933cam a22002531a 4500 | ||
|---|---|---|---|
| 999 |
_c20369 _d20369 |
||
| 001 | 6414124 | ||
| 003 | BDDh-ASL | ||
| 005 | 20231015025859.0 | ||
| 008 | 820712s1932 enkbf 001 0 eng | ||
| 010 | _a 33000285 | ||
| 035 | _a(OCoLC)8593708 | ||
| 040 |
_aDLC _cViLxW _dDLC _dBDDh-ASL |
||
| 050 | 0 | 0 |
_aDS38 _b.G5 |
| 082 |
_a297.09 _bGIM |
||
| 100 | 1 |
_aGibb, H. A. R. _q(Hamilton Alexander Rosskeen), _d1895-1971, _eed. |
|
| 245 | 1 | 0 |
_aWhither Islam? : _ba survey of modern movements in the Moslem world / _cedited by H. A. R. Gibb. |
| 260 |
_aLondon : _bV. Gollancz, _c1932. |
||
| 300 |
_a384 p. : _bill. ; _c23 cm. |
||
| 505 | 0 | _aMassignon, L. Africa (excluding Egypt).--Kampffmeyer, G. Egypt and western Asia.--Ferrar, M. L. India.--Berg, C. C. Indonesia.--Gibb, H. A. R. Whither Islam? | |
| 650 | 0 |
_aIslam _y20th century. |
|
| 650 | 0 | _aPanislamism. | |
| 906 |
_a7 _bcbc _coclcrpl _du _encip _f19 _gy-gencatlg |
||
| 942 |
_2ddc _cBK |
||